| 000 | 01064nam a22002537a 4500 | ||
|---|---|---|---|
| 999 |
_c64646 _d64646 |
||
| 005 | 20240530110742.0 | ||
| 008 | 181108s2018 ua g b 000 0|ara d | ||
| 017 |
_a2015/26076 _bمصر. دار الكتب |
||
| 020 | _a9789774385874 | ||
| 040 |
_aEG-CaGPL _cEG-CaGPL |
||
| 082 | 0 | 4 |
_221 _a255 / _bم ج |
| 100 | 0 | _aمحمد احمد شحاتة حسين | |
| 245 | 1 | 0 |
_aجرائم الحرابة بين الاغتصاب والارهاب / _cمحمد احمد شحاتة حسين |
| 260 |
_aالاسكندرية : _bالمكتب الجامعى الحديث ، _c2018. |
||
| 300 |
_a199 ص. ؛ _c24 سم. |
||
| 504 | _aيشتمل على ارجاعات ببليوجرافية | ||
| 650 | 0 | 7 |
_2qrmak _aقطع الطريق _xالشريعة الاسلامية |
| 650 | 0 | 7 |
_2qrmak _aالجنايات _xالشريعة الاسلامية |
| 650 | 0 | 7 |
_2qrmak _aالحدود _xالشريعة الاسلامية |
| 650 | 0 | 7 |
_2qrmak _aالكبائر _xالشريعة الاسلامية |
| 651 | _2qrmak | ||
| 942 |
_2ddc _cBK |
||